| 000 | 00496nam a2200217Ia 4500 | ||
|---|---|---|---|
| 003 | 0100 | ||
| 008 | 130227s9999 xx 000 0 und d | ||
| 040 | _cARRUPELIB | ||
| 050 | _aB485.S44 | ||
| 100 | _aShields, Christopher | ||
| 245 | _aAristotle | ||
| 260 | _aLondon | ||
| 260 | _bRoutledge | ||
| 260 | _C2007 | ||
| 300 | _a456p. | ||
| 300 | _b 23 cm | ||
| 440 | _aRoutledge philosophers | ||
| 650 | _bCoasts - South Africa | ||
| 650 | _cIslands of the Atlantic | ||
| 942 |
_2lcc _014 |
||
| 999 |
_c1791 _d1791 |
||